000 00638nam a2200217Ia 4500
999 _c41224
_d41224
001 7876
003 GE_BSU
005 20220927165310.0
008 181216s2013fe xx |||||||||||||| ||fre||
020 _a9781477616567
040 _cGE_BSU
041 _afre
080 _a82-93:821.133.1-34 S-16
100 _aSaint-Exupery de, Antoine
_914873
245 _aLe Petit Prince :
_bLa meilleure vente de l'histoire des enfants /
_cAntoine de,Saint-Exupery .
264 _aParis:
_bPetra books,
_c2013.
300 _a112 p.:
_bIll;
_c22 cm.
653 _aLe Petit Prince
653 _aᲞატარა პრინცი
942 _cBK
_2udc